[Event "World Blitz 2025"]
[Site "Doha QAT"]
[Date "2025.12.30"]
[Round "18.67"]
[White "Isanzhulov, Arystan"]
[Black "Vakhidov, Jakhongir"]
[Result "0-1"]
[WhiteTitle "IM"]
[BlackTitle "GM"]
[WhiteElo "2419"]
[BlackElo "2516"]
[WhiteFideId "13711644"]
[BlackFideId "14201801"]
[EventDate "2025.12.29"]

1. e4 c5 2. Nf3 g6 3. Nc3 Bg7 4. d4 cxd4 5. Nxd4 Nc6 6. Nde2 Nf6 7. a4 O-O 8. g3
d6 9. Bg2 Bd7 10. O-O Qc8 11. Be3 Bh3 12. Qd2 Bxg2 13. Kxg2 Ng4 14. Bf4 f5 15.
h3 Nf6 16. exf5 Qxf5 17. Rad1 Ne4 18. Qd5+ Qxd5 19. Nxd5 Rac8 20. Bc1 Rfe8 21.
c3 Nc5 22. a5 Nb3 23. Rfe1 Nbxa5 24. Bg5 h6 25. Bf4 e6 26. Nb4 d5 27. Nd3 Nc4
28. Bc1 g5 29. Ng1 e5 30. Nc5 b6 31. Nd7 d4 32. cxd4 exd4 33. Rxe8+ Rxe8 34. b3
N4a5 35. h4 gxh4 36. Bxh6 0-1

[Event "World Blitz 2025"]
[Site "Doha QAT"]
[Date "2025.12.30"]
[Round "18.68"]
[White "Nogerbek, Kazybek"]
[Black "Gaehwiler, Gabriel"]
[Result "0-1"]
[WhiteTitle "GM"]
[BlackTitle "IM"]
[WhiteElo "2539"]
[BlackElo "2382"]
[WhiteFideId "13710427"]
[BlackFideId "1314530"]
[EventDate "2025.12.29"]

1. d4 Nf6 2. c4 g6 3. Nc3 Bg7 4. e4 O-O 5. Nf3 d6 6. Be2 e5 7. O-O Qe7 8. Be3
exd4 9. Bxd4 Nc6 10. Nd5 Qd8 11. Bxf6 Bxf6 12. Qc2 Bg4 13. Rad1 Bg7 14. Rfe1
Bxf3 15. Bxf3 Nd4 16. Qd3 c6 17. Nc3 Qf6 18. Ne2 Nxf3+ 19. Qxf3 Qxb2 20. Nc1 Qb4
21. Qd3 a5 22. Nb3 a4 23. Nd4 Qc5 24. Nf3 Be5 25. g3 b5 26. cxb5 Qxb5 27. Qc2
Rab8 28. Re2 Rfe8 29. Kg2 Qa6 30. Rdd2 Rb2 31. Qd1 Rxd2 32. Rxd2 Qc4 33. Qc2
Qxc2 34. Rxc2 c5 35. Rc4 a3 36. Ra4 Bb2 37. Nd2 Rd8 38. Nc4 d5 39. exd5 Rxd5 40.
Kf3 Rd4 41. Ra8+ Kg7 42. Ne3 c4 43. Ra4 Bc1 44. Nxc4 h5 45. Ke2 h4 46. h3 hxg3
47. fxg3 Bb2 48. Nb6 Rd6 49. Rb4 Re6+ 50. Kf3 Rf6+ 51. Kg2 Rd6 52. Nc4 Rd4 53.
Kf3 Bc3 54. Ra4 Bb2 55. h4 Rd3+ 56. Kg2 Rc3 57. Nd6 Rc2+ 58. Kf3 Rc3+ 59. Kg4
Rc6 60. Nc4 Rc5 61. Kf3 Rf5+ 62. Kg2 Rc5 63. Nxa3 Rc3 64. Nc4 Rc2+ 65. Kf3 Bd4
66. Nd6 Bb6 67. Ne4 f5 68. Kf4 fxe4 69. Kxe4 Re2+ 70. Kf3 Re3+ 71. Kf4 Re7 72.
Ra6 Bc7+ 73. Kf3 Rf7+ 74. Kg4 Rd7 75. Ra3 Rd4+ 76. Kf3 Bd6 77. Ra6 Kf6 78. a4
Ke5 79. a5 Rd3+ 80. Kf2 Ra3 0-1

[Event "World Blitz 2025"]
[Site "Doha QAT"]
[Date "2025.12.30"]
[Round "18.85"]
[White "Sapenov, Daniyal"]
[Black "Nguyen, Ngoc Truong Son"]
[Result "0-1"]
[WhiteTitle "IM"]
[BlackTitle "GM"]
[WhiteElo "2440"]
[BlackElo "2600"]
[WhiteFideId "13728911"]
[BlackFideId "12401110"]
[EventDate "2025.12.29"]

1. d4 Nf6 2. c4 e6 3. Nf3 d5 4. g3 Be7 5. Bg2 O-O 6. O-O dxc4 7. Qc2 a6 8. a4
Bd7 9. Qxc4 Bc6 10. Bg5 Nbd7 11. Nc3 h6 12. Bxf6 Nxf6 13. a5 Bd5 14. Qd3 Bxf3
15. Bxf3 c6 16. Rfd1 Bb4 17. Na4 Bxa5 18. Nc5 Rb8 19. e3 Bb4 20. Nb3 Qb6 21. Qc2
Rfd8 22. Kg2 g6 23. h4 h5 24. Rd3 Kg7 25. Rad1 a5 26. Nc1 Rbc8 27. Nb3 Qb5 28.
Be2 Ra8 29. Nc5 Qb6 30. Na4 Qc7 31. Bf3 Qe7 32. Qe2 Re8 33. Nb6 Rad8 34. Nc4 Qc7
35. e4 b5 36. Ne3 c5 37. e5 Ng8 38. d5 Qxe5 39. dxe6 Rxd3 40. Rxd3 Rxe6 41. Rd5
Qf6 42. Qxb5 Qxb2 43. Nc4 Qf6 44. Qb8 Ne7 45. Nd6 Nxd5 0-1

[Event "World Blitz 2025"]
[Site "Doha QAT"]
[Date "2025.12.30"]
[Round "18.86"]
[White "Harshavardhan, G B"]
[Black "Peyrer, Konstantin"]
[Result "0-1"]
[WhiteTitle "IM"]
[BlackTitle "IM"]
[WhiteElo "2477"]
[BlackElo "2496"]
[WhiteFideId "25059009"]
[BlackFideId "1640879"]
[EventDate "2025.12.29"]

1. e4 e5 2. Nc3 Nc6 3. g3 h5 4. d3 Bc5 5. h3 h4 6. g4 d6 7. Na4 Nge7 8. Nxc5
dxc5 9. Be3 b6 10. Ne2 Qd6 11. Qd2 Be6 12. Bg2 f6 13. f4 a5 14. a4 O-O-O 15. b3
Nd4 16. f5 Bf7 17. Nxd4 cxd4 18. Bf2 g5 19. O-O Nc6 20. Rfc1 Kb7 21. Rab1 Nb4
22. Rb2 Rd7 23. Bf1 c5 24. Be1 Qc6 25. Qe2 Ra8 26. Ra1 Kc7 27. Rbb1 Kd8 28. Kh2
Ke7 29. Qd1 Kf8 30. Be2 Kg7 31. Bf1 Rdd8 32. Bd2 Ra7 33. Be2 Qc7 34. Qc1 Be8 35.
Rb2 Rda8 36. Bxg5 fxg5 37. Qxg5+ Kf8 38. Qxh4 Qh7 39. g5 Nc6 40. Qg3 Ke7 41. Rf1
Qh6 42. g6 Kd6 43. f6 Bf7 0-1

[Event "World Blitz 2025"]
[Site "Doha QAT"]
[Date "2025.12.30"]
[Round "18.87"]
[White "Mitrabha, Guha"]
[Black "Dudin, Gleb"]
[Result "1-0"]
[WhiteTitle "GM"]
[BlackTitle "GM"]
[WhiteElo "2508"]
[BlackElo "2585"]
[WhiteFideId "5057000"]
[BlackFideId "34184934"]
[EventDate "2025.12.29"]

1. d4 d5 2. Nf3 Nf6 3. Bf4 c5 4. e3 Nc6 5. Nbd2 cxd4 6. exd4 Qb6 7. Nb3 Nh5 8.
Be3 Nf6 9. a4 a6 10. Bf4 Nh5 11. a5 Qd8 12. Be3 Nf6 13. Ne5 e6 14. Bd3 Bd6 15.
f4 O-O 16. O-O Nb4 17. Be2 Ne4 18. Nd2 f6 19. Nef3 Bd7 20. c3 Nc6 21. Nxe4 dxe4
22. Nd2 f5 23. Nc4 Bc7 24. d5 exd5 25. Qxd5+ Kh8 26. Rad1 Be8 27. Nb6 Qxd5 28.
Rxd5 Rd8 29. Rxd8 Bxd8 30. Rd1 Bf7 31. b4 Bf6 32. Nd7 Rd8 33. Bb6 Bb3 34. Rd6
Be7 35. Rxc6 bxc6 36. Bxd8 Bxd8 37. Bxa6 Be6 38. Nc5 Bd5 39. Bb7 Bf6 40. a6 Bxc3
41. a7 Bd4+ 42. Kh1 1-0

[Event "World Blitz 2025"]
[Site "Doha QAT"]
[Date "2025.12.30"]
[Round "18.88"]
[White "Kobalia, Mikhail"]
[Black "Kadric, Denis"]
[Result "1/2-1/2"]
[WhiteTitle "GM"]
[BlackTitle "GM"]
[WhiteElo "2537"]
[BlackElo "2543"]
[WhiteFideId "4119150"]
[BlackFideId "14403803"]
[EventDate "2025.12.29"]

1. e4 d6 2. d4 Nf6 3. Nc3 Nbd7 4. Nf3 e5 5. Be3 c6 6. h3 Be7 7. Bd3 b5 8. a3 Bb7
9. O-O O-O 10. Re1 Re8 11. Ne2 a6 12. Ng3 exd4 13. Nxd4 c5 14. Ndf5 c4 15. Bf1
Qc7 16. Nxe7+ Rxe7 17. Nf5 Re6 18. f3 d5 19. exd5 Nxd5 20. Bf2 Rae8 21. Rxe6
fxe6 22. Ng3 N7f6 23. Qd2 e5 24. Re1 Nf4 25. Be3 N6d5 26. Ne4 Nxe3 27. Qxe3 Bxe4
28. Qxe4 g6 29. b3 cxb3 30. cxb3 Qc5+ 31. Kh2 Qxa3 32. Qc6 Re7 33. Qf6 Nh5 34.
Qc6 Qb4 35. Qd5+ Kg7 36. Re4 Qc3 37. Qd6 Qc7 38. Qxc7 Rxc7 39. Rxe5 Rc1 40. Bd3
Rc3 41. Be4 Rxb3 42. Re7+ Kf6 43. Rxh7 Rb2 44. Ra7 Nf4 45. Rxa6+ Ke5 46. Kh1
Rxg2 47. Rb6 Rb2 48. Bxg6 Nxh3 49. Bf7 b4 50. Re6+ Kf4 51. Rf6+ Ke3 52. Re6+
Kxf3 53. Rf6+ Kg3 54. Rg6+ Kf4 55. Rh6 Nf2+ 56. Kg1 Ng4 57. Rh8 Ne5 58. Bd5 Ke3
59. Re8 Kd4 60. Rd8 Nc4 61. Bf7+ Kc3 62. Rc8 b3 63. Rxc4+ Kd3 64. Rb4 Kc3 65.
Rxb3+ Rxb3 66. Bxb3 Kxb3 1/2-1/2

[Event "World Blitz 2025"]
[Site "Doha QAT"]
[Date "2025.12.30"]
[Round "18.89"]
[White "Samadov, Read"]
[Black "Dlugy, Maxim"]
[Result "1-0"]
[WhiteTitle "IM"]
[BlackTitle "GM"]
[WhiteElo "2510"]
[BlackElo "2502"]
[WhiteFideId "13417444"]
[BlackFideId "2000075"]
[EventDate "2025.12.29"]

1. d4 d5 2. Nf3 c5 3. c4 cxd4 4. cxd5 Nf6 5. Qxd4 Qxd5 6. Nc3 Qxd4 7. Nxd4 Bd7
8. Bf4 Nc6 9. Ndb5 O-O-O 10. Rc1 e5 11. Bg5 a6 12. Na3 Bxa3 13. bxa3 Be6 14. g3
Kb8 15. Bg2 Na5 16. O-O h6 17. Bxf6 gxf6 18. Ne4 f5 19. Nc5 Bd5 20. Bh3 Bxa2 21.
Bxf5 Nb3 22. Rc2 Nxc5 23. Rxc5 f6 24. Rfc1 Bd5 25. Rc7 Bc6 26. Rf7 Rd6 27. f3 a5
28. Kf2 h5 29. h4 Be8 30. Rc8+ Ka7 31. Re7 Bg6 32. Rxh8 Bxf5 33. Rxh5 Be6 34.
Rhh7 Bd5 35. Rd7 1-0

[Event "World Blitz 2025"]
[Site "Doha QAT"]
[Date "2025.12.30"]
[Round "18.90"]
[White "Yilmaz, Mustafa"]
[Black "Chasin, Nico"]
[Result "1-0"]
[WhiteTitle "GM"]
[BlackTitle "IM"]
[WhiteElo "2595"]
[BlackElo "2517"]
[WhiteFideId "6302718"]
[BlackFideId "30908477"]
[EventDate "2025.12.29"]

1. d4 Nf6 2. c4 e6 3. Nf3 b6 4. g3 Ba6 5. Nbd2 c5 6. e4 d6 7. Bg2 Bb7 8. d5 exd5
9. exd5 Qe7+ 10. Qe2 Qxe2+ 11. Kxe2 g6 12. Re1 Bg7 13. Kf1+ Kf8 14. Nb1 Na6 15.
Nc3 Nb4 16. Bf4 Ne8 17. Rad1 Ba6 18. Nb5 Bxb5 19. cxb5 Nxa2 20. Bh3 Nb4 21. Bd7
Nf6 22. Bxd6+ Kg8 23. Bc6 Rc8 24. Be7 h6 25. d6 Nxc6 26. bxc6 Rxc6 27. Ne5 Rc8
28. d7 Nxd7 29. Rxd7 Re8 30. Rxa7 Rh7 31. Bd6 Bf6 32. b3 Rg7 33. Ng4 Rxe1+ 34.
Kxe1 Bc3+ 35. Ke2 h5 36. Ne3 b5 37. Bxc5 h4 38. Nd5 Bb2 39. Ra8+ Kh7 40. Rb8
hxg3 41. hxg3 f5 42. Rxb5 1-0

[Event "World Blitz 2025"]
[Site "Doha QAT"]
[Date "2025.12.30"]
[Round "18.91"]
[White "Bjerre, Jonas Buhl"]
[Black "Iniyan, Pa"]
[Result "1-0"]
[WhiteTitle "GM"]
[BlackTitle "GM"]
[WhiteElo "2623"]
[BlackElo "2598"]
[WhiteFideId "1444948"]
[BlackFideId "25002767"]
[EventDate "2025.12.29"]

1. e4 c5 2. Nf3 d6 3. d4 cxd4 4. Qxd4 a6 5. Nc3 Nc6 6. Qe3 g6 7. h3 Bh6 8. Qd3
Bg7 9. Nd5 Nf6 10. c3 Be6 11. Be2 Nd7 12. O-O Nc5 13. Qc2 h6 14. Be3 Rc8 15.
Rad1 Nd7 16. a3 g5 17. Nd4 Nxd4 18. Bxd4 Bxd4 19. Rxd4 h5 20. Qd1 Bxd5 21. Rxd5
Qb6 22. Rxg5 Qxb2 23. Bxh5 Nf6 24. Bf3 Qxc3 25. Re1 Rc5 26. Rxc5 Qxc5 27. e5
dxe5 28. Bxb7 Qxa3 29. Rxe5 Qc3 30. Re3 Qc4 31. Qa1 Kf8 32. Bxa6 Qc7 33. Bf1 Rh6
34. Qd4 Rg6 35. g3 Kg7 36. Bd3 Rh6 37. Kh2 e5 38. Qb4 e4 39. Be2 Qc8 40. h4 Qf5
41. Kg2 Nd5 42. Qd4+ Rf6 43. Rxe4 Nc3 44. Rg4+ Kh6 45. Qe3+ Kh7 46. Bd3 1-0

[Event "World Blitz 2025"]
[Site "Doha QAT"]
[Date "2025.12.30"]
[Round "18.92"]
[White "Jumabayev, Rinat"]
[Black "Raja, Harshit"]
[Result "1-0"]
[WhiteTitle "GM"]
[BlackTitle "GM"]
[WhiteElo "2560"]
[BlackElo "2472"]
[WhiteFideId "13702661"]
[BlackFideId "5089000"]
[EventDate "2025.12.29"]

1. c4 Nf6 2. Nc3 e5 3. g3 Bb4 4. e4 Bxc3 5. dxc3 O-O 6. f3 c6 7. Qd6 Re8 8. Bh3
Na6 9. Be3 Qc7 10. O-O-O Qa5 11. Kb1 b5 12. c5 b4 13. c4 b3 14. a3 Nb4 15. Bd2
Qa6 16. Bxb4 Qxc4 17. Qd3 Qxd3+ 18. Rxd3 a5 19. Bd2 a4 20. Be3 Ra5 21. Rd2 h6
22. Ne2 g5 23. Bf5 Kg7 24. h4 g4 25. fxg4 d5 26. Bxh6+ 1-0

[Event "World Blitz 2025"]
[Site "Doha QAT"]
[Date "2025.12.30"]
[Round "18.93"]
[White "Xiao, Tong(QD)"]
[Black "Materia, Marco"]
[Result "0-1"]
[WhiteTitle "GM"]
[BlackTitle "IM"]
[WhiteElo "2555"]
[BlackElo "2497"]
[WhiteFideId "8622388"]
[BlackFideId "45150451"]
[EventDate "2025.12.29"]

1. c4 Nf6 2. Nf3 e6 3. g3 d5 4. Bg2 Be7 5. b3 O-O 6. Bb2 b6 7. cxd5 exd5 8. O-O
Bb7 9. e3 Nbd7 10. Nc3 Re8 11. Rc1 Nf8 12. Ne2 c5 13. Re1 Ne6 14. Rc2 Rc8 15. d4
c4 16. Ne5 b5 17. bxc4 bxc4 18. Nxc4 Rxc4 19. Rxc4 dxc4 20. Bxb7 Qb6 21. d5 Qxb2
22. Bc6 Rd8 23. f3 Nc5 24. Nd4 Nxd5 25. Nf5 Nd3 26. Bxd5 Qf2+ 27. Kh1 Qxe1+ 28.
Qxe1 Nxe1 29. Bxc4 Bc5 0-1

[Event "World Blitz 2025"]
[Site "Doha QAT"]
[Date "2025.12.30"]
[Round "18.94"]
[White "Saraci, Nderim"]
[Black "Gan-Erdene, Sugar"]
[Result "1-0"]
[WhiteTitle "IM"]
[BlackTitle "IM"]
[WhiteElo "2461"]
[BlackElo "2444"]
[WhiteFideId "6351921"]
[BlackFideId "4902980"]
[EventDate "2025.12.29"]

1. d4 Nf6 2. Nf3 g6 3. g3 Bg7 4. Bg2 O-O 5. O-O d6 6. c4 c6 7. Nc3 Bf5 8. Re1
Ne4 9. Nxe4 Bxe4 10. Be3 d5 11. b3 a5 12. Rc1 e6 13. Qd2 Re8 14. Red1 Nd7 15.
Bf1 Bxf3 16. exf3 a4 17. h4 h5 18. Kh2 axb3 19. axb3 Qb6 20. Rb1 Ra3 21. Qc2
Rea8 22. Rb2 Ra1 23. Be2 Rxd1 24. Qxd1 dxc4 25. Bxc4 Qd8 26. Qe2 Nb6 27. Rd2 Nd5
28. Ra2 Rxa2 29. Qxa2 b5 30. Bxd5 Qxd5 31. Qa8+ Kh7 32. Qa7 f6 1-0

[Event "World Blitz 2025"]
[Site "Doha QAT"]
[Date "2025.12.30"]
[Round "18.95"]
[White "Grebnev, Aleksey"]
[Black "Piliposyan, Robert"]
[Result "1-0"]
[WhiteTitle "GM"]
[BlackTitle "IM"]
[WhiteElo "2632"]
[BlackElo "2442"]
[WhiteFideId "34189030"]
[BlackFideId "13309978"]
[EventDate "2025.12.29"]

1. Nf3 d5 2. b3 Bf5 3. Bb2 e6 4. g3 Nf6 5. Bg2 c5 6. d3 Nc6 7. Nbd2 h6 8. O-O
Be7 9. a4 O-O 10. Ne5 Nxe5 11. Bxe5 Nd7 12. Bb2 Bf6 13. Qc1 Bxb2 14. Qxb2 Qf6
15. Qxf6 Nxf6 16. c4 Rfd8 17. a5 Rac8 18. Nb1 Rb8 19. Rc1 d4 20. Nd2 e5 21. Rcb1
b6 22. axb6 axb6 23. b4 Re8 24. Bc6 Rec8 25. b5 Bd7 26. Bxd7 Nxd7 27. Ra7 Nf6
28. Rba1 Re8 29. f3 Kf8 30. Kf2 Re7 31. Rxe7 Kxe7 32. Ra7+ Ke6 33. g4 Ne8 34.
Ne4 g6 35. g5 h5 36. h3 f5 37. gxf6 Nxf6 38. Ng5+ Kf5 39. h4 Re8 40. Rf7 Rd8 41.
Rb7 Rd6 42. Nf7 Re6 43. Kg3 Ng8 44. Ng5 Rd6 45. Ne4 Re6 46. Rf7+ Nf6 47. Rf8 1-0

[Event "World Blitz 2025"]
[Site "Doha QAT"]
[Date "2025.12.30"]
[Round "18.96"]
[White "Ohanyan, Emin"]
[Black "Vetokhin, Savva"]
[Result "0-1"]
[WhiteTitle "GM"]
[BlackTitle "GM"]
[WhiteElo "2493"]
[BlackElo "2572"]
[WhiteFideId "13312022"]
[BlackFideId "44144474"]
[EventDate "2025.12.29"]

1. d4 Nf6 2. Nf3 e6 3. c4 d5 4. Nc3 Bb4 5. Bg5 h6 6. Bxf6 Qxf6 7. e3 O-O 8. Rc1
dxc4 9. Bxc4 c5 10. O-O cxd4 11. Ne4 Qe7 12. Nxd4 Bd7 13. Be2 Nc6 14. a3 Ba5 15.
Nb3 Rfd8 16. Qd6 Qxd6 17. Nxd6 Rab8 18. Nc5 Bc8 19. Rfd1 Bb6 20. Na4 Bc7 21.
Nxc8 Rxd1+ 22. Bxd1 Rxc8 23. Bf3 Bd6 24. Bxc6 bxc6 25. Kf1 Kf8 26. Ke2 Ke7 27.
Rc4 Kd7 28. Kd3 Rb8 29. h3 Rb5 30. Kc2 Rf5 31. f4 g5 32. g3 gxf4 33. exf4 h5 34.
Nc3 h4 35. gxh4 Bxf4 36. Ra4 Be3 37. Kd3 0-1

[Event "World Blitz 2025"]
[Site "Doha QAT"]
[Date "2025.12.30"]
[Round "18.69"]
[White "Gharibyan, Mamikon"]
[Black "Gavrilescu, David"]
[Result "0-1"]
[WhiteTitle "GM"]
[BlackTitle "GM"]
[WhiteElo "2491"]
[BlackElo "2542"]
[WhiteFideId "13308300"]
[BlackFideId "1227190"]
[EventDate "2025.12.29"]

1. e4 c5 2. Nf3 a6 3. c3 e6 4. d4 d5 5. e5 Bd7 6. c4 dxc4 7. Bxc4 cxd4 8. O-O
Nc6 9. Re1 Nge7 10. Nxd4 Nxd4 11. Qxd4 Nf5 12. Qg4 Rc8 13. Bd3 h5 14. Qf4 g6 15.
Nc3 Bc6 16. Be4 Bh6 17. Qf3 Bxc1 18. Raxc1 Kf8 19. Rcd1 Qe7 20. Bxc6 Rxc6 21.
Ne4 Kg7 22. g3 Rc2 23. h3 Rxb2 24. a4 Ra2 25. g4 hxg4 26. hxg4 Ra3 27. gxf5 exf5
28. Nc3 Qg5+ 29. Kf1 Rh2 30. Rd3 Qh4 31. Red1 Rb3 32. Nd5 Rb2 33. R3d2 Rh1+ 34.
Ke2 Qc4+ 35. Qd3 Rxd2+ 36. Kxd2 Rxd1+ 0-1

[Event "World Blitz 2025"]
[Site "Doha QAT"]
[Date "2025.12.30"]
[Round "18.70"]
[White "Tin, Jingyao"]
[Black "Sindarov, Islombek"]
[Result "1-0"]
[WhiteTitle "GM"]
[BlackTitle "CM"]
[WhiteElo "2584"]
[BlackElo "2129"]
[WhiteFideId "5804418"]
[BlackFideId "14205475"]
[EventDate "2025.12.29"]

1. d4 Nf6 2. c4 g6 3. Nc3 Bg7 4. e4 d6 5. Nf3 Nbd7 6. Be2 e5 7. O-O b6 8. d5 Nc5
9. Qc2 a5 10. b3 O-O 11. Ne1 Ne8 12. Nd3 f5 13. Nxc5 dxc5 14. exf5 gxf5 15. Bb2
Nd6 16. Rae1 Bd7 17. a4 Qg5 18. Nb5 Bxb5 19. axb5 Rae8 20. f3 Re7 21. Kh1 f4 22.
Bd3 Rf6 23. Qf2 Rh6 24. Re2 Bf6 25. Rfe1 Qg7 26. Kg1 Bh4 27. Qf1 Bg3 28. h3 Rh5
29. Bc3 Kf8 30. Rd1 Qh6 31. Be1 Rg7 32. Bxg3 Rxg3 33. Kf2 Rhxh3 34. gxh3 Qh4 35.
Ke1 Rxf3+ 36. Rf2 e4 37. Ke2 Re3+ 38. Kd2 Rxd3+ 39. Kc2 f3 40. Rxd3 exd3+ 41.
Kb1 Ke7 42. Rxf3 Kd7 43. Qxd3 Qe1+ 44. Kc2 Kc8 45. Re3 Qf2+ 46. Qe2 Qg1 47. Kb2
a4 48. Qg4+ Qxg4 49. hxg4 axb3 50. Kxb3 Kd7 51. Rh3 1-0

[Event "World Blitz 2025"]
[Site "Doha QAT"]
[Date "2025.12.30"]
[Round "18.71"]
[White "Meng, Yihan"]
[Black "Drygalov, Sergey"]
[Result "1-0"]
[WhiteTitle "IM"]
[BlackTitle "GM"]
[WhiteElo "2456"]
[BlackElo "2571"]
[WhiteFideId "8631891"]
[BlackFideId "24171743"]
[EventDate "2025.12.29"]

1. e4 c5 2. Nf3 d6 3. d4 cxd4 4. Nxd4 Nf6 5. Nc3 a6 6. Bg5 e6 7. f4 h6 8. Bh4
Nbd7 9. Qe2 e5 10. fxe5 Nxe5 11. O-O-O Be7 12. Nf5 Bxf5 13. exf5 O-O 14. Kb1 Rc8
15. Bxf6 Bxf6 16. Nd5 Nc4 17. c3 Be5 18. Qg4 Nb6 19. Qb4 Nxd5 20. Rxd5 b5 21.
Bd3 a5 22. Qe4 b4 23. cxb4 axb4 24. Bc4 Qg5 25. h4 Qf6 26. Rd2 Rfe8 27. Qg4 h5
28. Qe2 Bxb2 29. Qxh5 Rxc4 30. Rxb2 Qc3 31. Qd1 Rce4 32. Rc2 Qg3 33. Qf3 Qe5 34.
Rhc1 Re3 35. Qb7 Qxf5 36. Qxb4 R3e5 37. a4 Re4 38. Qb5 R4e5 39. Qb4 Re4 40. Qb5
Qg4 41. Rc4 d5 42. Qxe8+ Kh7 43. Rxe4 dxe4 44. Qxf7 e3 45. Qb3 e2 46. Re1 Kh8
47. Qb8+ Kh7 48. Qb3 Kh8 49. Kc2 Qxg2 50. Kd2 1-0

[Event "World Blitz 2025"]
[Site "Doha QAT"]
[Date "2025.12.30"]
[Round "18.72"]
[White "Suleimen, Ergali"]
[Black "Christiansen, Johan-Sebastian"]
[Result "1/2-1/2"]
[WhiteTitle "IM"]
[BlackTitle "GM"]
[WhiteElo "2419"]
[BlackElo "2655"]
[WhiteFideId "13724452"]
[BlackFideId "1512668"]
[EventDate "2025.12.29"]

1. e4 e5 2. Nf3 Nc6 3. Bb5 f5 4. d3 Nf6 5. O-O d6 6. exf5 a6 7. Ba4 Bxf5 8. d4
e4 9. d5 b5 10. dxc6 bxa4 11. Nd4 Bg4 12. f3 exf3 13. gxf3 Bh3 14. Re1+ Be7 15.
Qe2 Kf7 16. Ne6 Bxe6 17. Qxe6+ Kf8 18. Nc3 Rb8 19. Bg5 Qe8 20. Bxf6 Qg6+ 21. Kh1
Qxf6 22. Qe4 Qf7 23. Nd5 Bd8 24. Re3 Bf6 25. Rae1 h6 26. Qf5 Be5 27. Qxf7+ Kxf7
28. f4 Bf6 29. b3 axb3 30. axb3 Rhc8 31. Nxf6 Kxf6 32. Re6+ Kf5 33. Re7 g5 34.
fxg5 hxg5 35. Rf7+ Kg6 36. Ree7 Rb6 37. Rg7+ Kf6 38. Rgf7+ Kg6 39. Rg7+ Kf6 40.
Rgf7+ Kg6 41. Rxc7 Rxc6 42. Rxc8 Rxc8 43. Rf2 d5 1/2-1/2

[Event "World Blitz 2025"]
[Site "Doha QAT"]
[Date "2025.12.30"]
[Round "18.73"]
[White "Averin, Nikolay"]
[Black "Petrov, Nikita"]
[Result "1-0"]
[WhiteTitle "FM"]
[BlackTitle "GM"]
[WhiteElo "2389"]
[BlackElo "2578"]
[WhiteFideId "24250473"]
[BlackFideId "4101286"]
[EventDate "2025.12.29"]

1. e4 d5 2. exd5 Qxd5 3. Nf3 Bg4 4. Be2 Nc6 5. d4 O-O-O 6. Be3 e5 7. c4 Qa5+ 8.
Bd2 Bb4 9. d5 Bxf3 10. Bxf3 Nd4 11. Nc3 Nf6 12. O-O Rhe8 13. a3 Bxc3 14. Bxc3
Qc5 15. Rc1 Kb8 16. Bxd4 Qxd4 17. Qxd4 exd4 18. Rfd1 Nd7 19. Rxd4 Nc5 20. Rcd1
a5 21. b4 axb4 22. axb4 Nd7 23. d6 c5 24. Rd5 b6 25. Ra1 Ne5 26. Rxe5 1-0

[Event "World Blitz 2025"]
[Site "Doha QAT"]
[Date "2025.12.30"]
[Round "18.74"]
[White "Orozbaev, Eldiyar"]
[Black "Kevlishvili, Robby"]
[Result "1-0"]
[WhiteTitle "IM"]
[BlackTitle "GM"]
[WhiteElo "2348"]
[BlackElo "2527"]
[WhiteFideId "13802240"]
[BlackFideId "1040634"]
[EventDate "2025.12.29"]

1. e4 c5 2. c3 d5 3. exd5 Qxd5 4. d4 g6 5. Nf3 Bg7 6. Nbd2 cxd4 7. Bc4 Qd8 8.
Qb3 Nh6 9. Nxd4 O-O 10. N2f3 a6 11. a4 Nc6 12. Nxc6 bxc6 13. Bf4 e5 14. Bg5 Qc7
15. O-O Rb8 16. Qa3 Nf5 17. Rfe1 c5 18. Bd5 Bb7 19. Rad1 Rfe8 20. Bc1 e4 21. Ng5
Bxd5 22. Rxd5 e3 23. fxe3 c4 24. e4 Bf8 25. Qa1 Ne7 26. Rdd1 Nc6 27. Nf3 Na5 28.
Bg5 Nb3 29. Qb1 Re6 30. e5 Nc5 31. Re2 Nxa4 32. Qe4 Nxb2 33. Rf1 Nd3 34. Bf6
Rbe8 35. Nd4 Qb6 36. Re3 Bc5 37. Qd5 Be7 38. Ref3 Bxf6 39. Rxf6 Nxe5 40. Qxe5
Rxe5 41. Rxb6 Re3 42. Rf3 Re1+ 43. Kf2 Ra1 44. Rb7 f5 45. Kg3 Re4 46. Rf4 Re3+
47. Kh4 Rxc3 48. Kg5 Re1 49. Kf6 Re8 50. Rg7+ Kh8 51. Rf7 Kg8 52. Rh4 h5 53.
Kxg6 Re4 54. Rxh5 Rg4+ 55. Kf6 Rxg2 56. Nxf5 Rf3 57. Rc7 1-0

[Event "World Blitz 2025"]
[Site "Doha QAT"]
[Date "2025.12.30"]
[Round "18.75"]
[White "Begmuratov, Khumoyun"]
[Black "Haug, Havard"]
[Result "1/2-1/2"]
[WhiteTitle "IM"]
[BlackTitle "FM"]
[WhiteElo "2451"]
[BlackElo "2416"]
[WhiteFideId "14210207"]
[BlackFideId "1547887"]
[EventDate "2025.12.29"]

1. e4 c5 2. c3 Nf6 3. e5 Nd5 4. Bc4 Nb6 5. Bb3 d5 6. exd6 exd6 7. d4 Be7 8. Nf3
O-O 9. O-O c4 10. Bc2 d5 11. h3 Nc6 12. Re1 Be6 13. Nbd2 Qd7 14. Nf1 Bf5 15. Ng3
Bxc2 16. Qxc2 Rfe8 17. Bf4 Bf8 18. Ne5 Nxe5 19. dxe5 Qe6 20. Rad1 Rad8 21. Nf5
Qg6 22. Nd4 Qxc2 23. Nxc2 Na4 24. Bc1 Nc5 25. f4 Nd3 26. Re2 f6 27. e6 f5 28. g4
g6 29. gxf5 gxf5 30. Nd4 Bc5 31. Be3 Bxd4 32. Bxd4 Nxf4 33. Re5 Nxe6 34. Bxa7
Ra8 35. Bd4 Nxd4 36. Rxe8+ Rxe8 37. Rxd4 Rd8 38. b3 cxb3 39. axb3 Kf7 40. Rb4
Rd7 41. Rb6 Rc7 42. c4 dxc4 43. bxc4 Rxc4 44. Rxb7+ Kg6 45. Kg2 Rc3 46. Ra7 h6
47. Rb7 Kg5 48. Rb4 Re3 49. Rb5 Kf4 50. Rb4+ Re4 51. Rb2 Rd4 52. Rf2+ Kg5 53.
Rb2 Kh4 54. Ra2 Rb4 55. Rc2 Ra4 56. Rb2 f4 57. Rb6 h5 58. Rb2 Ra3 59. Rb4 Kg5
60. Rb5+ Kg6 61. Rb6+ Kf5 62. Rb5+ Ke4 63. Rxh5 Ra2+ 64. Kg1 Kf3 65. Rf5 Rg2+
66. Kf1 Ra2 67. Kg1 Ra1+ 68. Kh2 Rf1 69. h4 Rf2+ 70. Kh3 Rf1 71. Kh2 Rf2+ 72.
Kh3 Ra2 73. h5 Ra1 74. Kh4 Rh1+ 75. Kg5 Kg3 76. Rxf4 Rxh5+ 77. Kxh5 Kxf4 1/2-1/2

[Event "World Blitz 2025"]
[Site "Doha QAT"]
[Date "2025.12.30"]
[Round "18.76"]
[White "Akobian, Varuzhan"]
[Black "Sklokin, Sergey"]
[Result "0-1"]
[WhiteTitle "GM"]
[BlackTitle "FM"]
[WhiteElo "2549"]
[BlackElo "2407"]
[WhiteFideId "13300580"]
[BlackFideId "55730230"]
[EventDate "2025.12.29"]

1. d4 d5 2. c4 e6 3. Nf3 Nf6 4. cxd5 exd5 5. Nc3 Nbd7 6. Bg5 c6 7. e3 h6 8. Bh4
g5 9. Bg3 Nh5 10. Bd3 Nxg3 11. hxg3 Bg7 12. Qc2 Nb6 13. O-O-O Be6 14. Kb1 Qe7
15. Rc1 O-O-O 16. Na4 Nxa4 17. Qxa4 Kb8 18. Rc3 Rc8 19. Rhc1 Qd7 20. Ra3 b6 21.
Rb3 Rc7 22. Rbc3 c5 23. Bb5 Qc8 24. Ba6 Qd7 25. Bb5 Qc8 26. b3 Qb7 27. dxc5 Bxc3
28. c6 Bf5+ 29. Rc2 Qc8 30. Kc1 Bxc2 31. Kxc2 Bf6 32. Kd2 Rd8 33. b4 Rd6 34. Ba6
Qe8 35. b5 Qe4 36. Qb3 Qc4 37. Qb1 Rdxc6 38. bxc6 Qxa6 39. Qh7 Qxa2+ 40. Kd1
Qa1+ 41. Ke2 Qb2+ 42. Nd2 Rxc6 43. Qxf7 Qb5+ 44. Kf3 Qd3 45. Qf8+ Kb7 46. Qb4
Bc3 47. Qe7+ Rc7 0-1